00284 a2200097 4500001001000000005001700010008004100027245004300068100002400111773005100135ART_1867820260410161703.0260409a 10aAlgo mas sobre la factura electronica:1 aFerraro, Ricardo H.0 tRevista Impuestosg- NÂș 1 (ene. 2011)wREV639